| 000 | 00718 a2200229 4500 | ||
|---|---|---|---|
| 260 | _a[Paris] | ||
| 630 | _a62 - Ingenierie. Art de lingenieur. Technologie en general | ||
| 037 | _b1, LP | ||
| 650 | _a6 - SCIENCES APPLIQUEES | ||
| 260 | _bMinistère délégué à la Poste aux Télécommunications et à l'Espace | ||
| 245 | _aLes Autoroutes et services de l'information à l'heure des expérimentations : contributions aux débâts | ||
| 300 | _a109 p. | ||
| 650 | _aCybernétque | ||
| 260 | _c1996 | ||
| 300 | _b30 cm | ||
| 100 | _lFr | ||
| 037 | _aS 8435 | ||
| 110 | _aMinistère délégué à la Poste aux Télécommunications et à l'Espace | ||
| 440 | _aF.O.R.U.M. | ||
| 999 |
_c38031 _d38031 |
||